000 00813pam a2200301 i 4500
001 2215525
003 OSt
005 20140310182015.0
008 750324s1975 nyua j 000 1 eng
010 _a 75009741
020 _a0440441234
040 _aDLC
_cDLC
_dDLC
042 _alcac
050 0 0 _aPZ 7
_b.G799 1975
082 0 0 _aKF
_bG83i 1975
100 1 _aGreene, Constance C.
_96480
245 1 0 _aI know you, Al /
_cConstance C. Greene.
250 _a1st ed.
260 _aNew York :
_bDell Publishing,
_cc1975.
300 _a126 p. :
_bill. ;
_c19 cm.
541 _j1
562 _e1
650 1 _aFamily life
_xFiction.
_96481
650 1 _aFriendship
_xFiction.
_96482
700 1 _aBarton, Byron.
_96483
906 _a7
_bcbc
_corignew
_d1
_eocip
_f19
_gy-gencatlg
942 _2lcc
_cBK-KF
_kKF
999 _c8220
_d8220